|
|
|
|
| LEADER |
00612 a2200157 4500 |
| 008 |
150103s9999 000 0 eng |
| 020 |
|
|
|a 9788176389082
|
| 082 |
|
|
|a 791.43
|
| 100 |
|
|
|a Radhakrishnan, P.S.
|
| 245 |
|
|
|a Charithrum chalachitravum:
|b deshyabhavanayude harshamuliyangal /
|
| 260 |
|
|
|a Thiruvananthapuram:
|b Kerala state institute of languages,
|c c2010.
|
| 300 |
|
|
|a 236 p.
|
| 650 |
|
|
|a Motion pictures
|
| 942 |
|
|
|c BK
|
| 999 |
|
|
|c 308207
|d 308207
|
| 952 |
|
|
|0 0
|1 0
|2 ddc
|4 0
|6 791_430000000000000_RAD_CH
|7 0
|9 353726
|a DRA
|b DRA
|c ST1
|d 2017-04-21
|i 9807
|l 1
|o 791.43 RAD/CH
|p DRA9807
|r 2017-05-25
|s 2017-05-15
|v 120.00
|w 2017-04-21
|y BK
|